[Event "Korosztályos Bajnokság u12f"]
[Site "Balatonlelle"]
[Date "2015.06.20"]
[Round "3.18"]
[White "Kratzmajer, Akos Gyorgy"]
[Black "Varga, Boldizsar"]
[Result "1/2-1/2"]
[WhiteElo "1434"]
[BlackElo "1267"]
[PlyCount "59"]
[EventDate "2015.06.18"]
[EventType "swiss"]
[EventRounds "9"]
[EventCountry "HUN"]

1. e4 c5 2. c3 g6 3. Nf3 Nc6 4. d4 cxd4 5. cxd4 Bg7 6. d5 Ne5 7. Nc3 d6 8. Be2
Nxf3+ 9. Bxf3 Bd7 10. O-O Rc8 11. Bd2 Nf6 12. Qb3 Rc7 13. Be3 b6 14. Nb5 Bxb5
15. Qxb5+ Qd7 16. Qxd7+ Nxd7 17. Rac1 Nc5 18. b4 Na6 19. Rxc7 Nxc7 20. Rc1 Kd7
21. Bg4+ e6 22. a4 Rc8 23. b5 h5 24. dxe6+ Nxe6 25. Rxc8 Kxc8 26. Bd1 Nc5 27.
f3 Kd7 28. Kf1 Ke6 29. Ke2 Bc3 30. Bd2 1/2-1/2

[Event "Korosztályos Bajnokság u12f"]
[Site "Balatonlelle"]
[Date "2015.06.20"]
[Round "3.19"]
[White "Ongut, Tamas Gunes"]
[Black "Uzonyi, Peter"]
[Result "1-0"]
[WhiteElo "1703"]
[BlackElo "1300"]
[PlyCount "55"]
[EventDate "2015.06.18"]
[EventType "swiss"]
[EventRounds "9"]
[EventCountry "HUN"]

1. e4 e5 2. Nf3 Nc6 3. Bc4 Nf6 4. Ng5 d5 5. exd5 Nd4 6. c3 b5 7. cxd4 bxc4 8.
dxe5 Nxd5 9. d4 cxd3 10. Qxd3 Be7 11. Nf3 O-O 12. O-O a5 13. Rd1 Be6 14. Nc3
Nxc3 15. bxc3 Qxd3 16. Rxd3 Rab8 17. h3 Bf5 18. Rd1 Rbd8 19. Be3 Rxd1+ 20. Rxd1
Rd8 21. Rxd8+ Bxd8 22. Nd4 Bb1 23. Nc6 Be4 24. Nxd8 Kf8 25. Bc5+ Ke8 26. e6 f6
27. e7 Bd5 28. a3 1-0

[Event "Korosztályos Bajnokság u12f"]
[Site "Balatonlelle"]
[Date "2015.06.21"]
[Round "4.1"]
[White "Persanyi, Barnabas"]
[Black "Krstulovic, Alex"]
[Result "0-1"]
[WhiteElo "2032"]
[BlackElo "2210"]
[PlyCount "50"]
[EventDate "2015.06.18"]
[EventType "swiss"]
[EventRounds "9"]
[EventCountry "HUN"]
[WhiteClock "0:58:19"]
[BlackClock "0:35:52"]

1. e4 c5 2. Nc3 d6 3. f4 Nc6 4. Nf3 g6 5. Bb5 Bd7 6. O-O Bg7 7. d3 Nf6 8. e5
dxe5 9. fxe5 Ng4 10. e6 Bxe6 11. Bxc6+ bxc6 12. h3 Bd4+ 13. Nxd4 Qxd4+ 14. Kh1
Nf2+ 15. Rxf2 Qxf2 16. Ne4 Qd4 17. Bh6 c4 18. Qf3 Bd5 19. Re1 f5 20. Nd6+ Kd7
21. Nxf5 Qf6 22. Qe3 gxf5 23. dxc4 Be4 24. Rd1+ Ke8 25. Bg5 Qe6 0-1

[Event "Korosztályos Bajnokság u12f"]
[Site "Balatonlelle"]
[Date "2015.06.21"]
[Round "4.2"]
[White "Kovacsy, Barnabas"]
[Black "Dibusz, Domonkos"]
[Result "1-0"]
[WhiteElo "1898"]
[BlackElo "1656"]
[PlyCount "91"]
[EventDate "2015.06.18"]
[EventType "swiss"]
[EventRounds "9"]
[EventCountry "HUN"]
[WhiteClock "0:47:50"]
[BlackClock "0:52:42"]

1. e4 e5 2. Nf3 Nc6 3. c3 d5 4. Qa4 dxe4 5. Nxe5 Qd5 6. Nxc6 bxc6 7. Bc4 Qd7 8.
O-O Nf6 9. d3 Be7 10. dxe4 O-O 11. Rd1 Qg4 12. Re1 Qg6 13. Qxc6 Bd7 14. Qa6 Bc5
15. Be3 Bd6 16. Nd2 Ng4 17. Nf3 Nxe3 18. Rxe3 Bg4 19. e5 Bxf3 20. Rxf3 Bxe5 21.
Qxg6 hxg6 22. Rd1 Bd6 23. Bb3 Rad8 24. c4 Bc5 25. Rfd3 Rxd3 26. Rxd3 Re8 27.
Kf1 Re7 28. a3 Bd6 29. Bc2 a5 30. g3 Re8 31. Rd5 Re5 32. Rxe5 Bxe5 33. b4 axb4
34. axb4 Bc3 35. b5 Bd4 36. Ke2 g5 37. f3 Kf8 38. Kd3 Bb6 39. Ke4 g6 40. Kd5
Ke7 41. c5 Ba5 42. Kc6 Kd8 43. Kb7 Bc3 44. b6 cxb6 45. cxb6 Bd4 46. Bb3 1-0

[Event "Korosztályos Bajnokság u12f"]
[Site "Balatonlelle"]
[Date "2015.06.21"]
[Round "4.3"]
[White "Leszko, Bence"]
[Black "Kelemen, Szabolcs"]
[Result "1-0"]
[WhiteElo "1888"]
[BlackElo "1781"]
[PlyCount "109"]
[EventDate "2015.06.18"]
[EventType "swiss"]
[EventRounds "9"]
[EventCountry "HUN"]
[WhiteClock "1:33:57"]
[BlackClock "1:24:05"]

1. e4 c5 2. Nf3 Nc6 3. d3 g6 4. g3 Bg7 5. Bg2 e6 6. O-O d5 7. Nbd2 Nge7 8. c3
O-O 9. a4 a5 10. Qc2 b6 11. Re1 Ra7 12. Nf1 Ba6 13. h4 h6 14. N1h2 Rd7 15. e5
d4 16. c4 Nf5 17. Bf4 Bb7 18. Qd2 Kh7 19. Re2 Rh8 20. Ng4 h5 21. Bg5 Qb8 22.
Nf6+ Bxf6 23. Bxf6 Nce7 24. Ng5+ Kg8 25. Bxh8 Bxg2 26. Kxg2 Kxh8 27. Nxf7+ Kg7
28. Nd6 Nxd6 29. exd6 Qxd6 30. Qf4 Qxf4 31. gxf4 Kf6 32. Rae1 Rd6 33. Re5 Nc6
34. Rg5 Rd7 35. f5 exf5 36. Re8 Ne5 37. Rg3 Ng4 38. Kf1 Kf7 39. Re2 Rd6 40. Ke1
Kf6 41. Kd2 Ne5 42. Kc2 Re6 43. f4 Ng4 44. Rxe6+ Kxe6 45. Rg1 Kd7 46. Kd2 Kd6
47. Re1 Kd7 48. Re2 Nf6 49. Re5 Ng4 50. Rd5+ Ke7 51. b4 axb4 52. a5 bxa5 53.
Rxc5 a4 54. Rb5 b3 55. Rb4 1-0

[Event "Korosztályos Bajnokság u12f"]
[Site "Balatonlelle"]
[Date "2015.06.21"]
[Round "4.4"]
[White "Geher, Koppany"]
[Black "Karacsonyi, Gellert"]
[Result "0-1"]
[WhiteElo "1615"]
[BlackElo "2033"]
[PlyCount "58"]
[EventDate "2015.06.18"]
[EventType "swiss"]
[EventRounds "9"]
[EventCountry "HUN"]

1. e4 c5 2. Nc3 Nc6 3. g3 g6 4. Bg2 Bg7 5. d3 d6 6. Be3 e6 7. Qd2 h6 8. Nf3
Nge7 9. O-O b6 10. d4 Ba6 11. Rfd1 Na5 12. dxc5 Nc4 13. Qc1 Nxe3 14. Qxe3 bxc5
15. e5 Nf5 16. Qf4 Bb7 17. exd6 O-O 18. g4 g5 19. Qc4 Bxf3 20. Bxf3 Nd4 21.
Bxa8 Qxa8 22. Qd3 f5 23. gxf5 Nf3+ 24. Kf1 Bxc3 25. bxc3 Rxf5 26. c4 Nd4 27.
Qg3 Qh1+ 28. Qg1 Rxf2+ 29. Kxf2 Qf3+ 0-1

[Event "Korosztályos Bajnokság u12f"]
[Site "Balatonlelle"]
[Date "2015.06.21"]
[Round "4.5"]
[White "Hegedus, Dominik"]
[Black "Palczert, Botond"]
[Result "1-0"]
[WhiteElo "1847"]
[BlackElo "1614"]
[PlyCount "101"]
[EventDate "2015.06.18"]
[EventType "swiss"]
[EventRounds "9"]
[EventCountry "HUN"]

1. c4 c5 2. Nc3 Nc6 3. g3 g6 4. Bg2 Bg7 5. e3 e6 6. Nge2 Nge7 7. O-O O-O 8. d4
cxd4 9. exd4 d5 10. cxd5 Nxd5 11. Nxd5 exd5 12. h3 Bf5 13. Be3 Ne7 14. Qb3 Qd7
15. Nf4 Rad8 16. g4 Be6 17. Nd3 b6 18. f4 f5 19. g5 Nc8 20. Ne5 Qb7 21. Rac1
Ne7 22. Rf2 Rc8 23. Rfc2 Rxc2 24. Rxc2 Rc8 25. Rxc8+ Qxc8 26. Qa4 Qb8 27. Nd7
Qd8 28. Nf6+ Bxf6 29. gxf6 Nc8 30. Qc6 Bf7 31. a4 a5 32. b3 Na7 33. Qb7 Nc8 34.
Bxd5 Nd6 35. Bxf7+ Nxf7 36. d5 Qxf6 37. Qxb6 Qh4 38. Kh2 Qe1 39. Qb8+ Kg7 40.
Bd4+ Kh6 41. Qf8+ Kh5 42. Qxf7 Qe2+ 43. Kg1 Qd1+ 44. Kg2 Qe2+ 45. Bf2 Qe4+ 46.
Kf1 Qh1+ 47. Ke2 Qe4+ 48. Kd2 Qxf4+ 49. Be3 Qh2+ 50. Kd3 f4 51. Qxf4 1-0

[Event "Korosztályos Bajnokság u12f"]
[Site "Balatonlelle"]
[Date "2015.06.21"]
[Round "4.6"]
[White "Toth, Abel Levente"]
[Black "Csontos, David"]
[Result "1-0"]
[WhiteElo "1782"]
[BlackElo "1602"]
[PlyCount "116"]
[EventDate "2015.06.18"]
[EventType "swiss"]
[EventRounds "9"]
[EventCountry "HUN"]

1. e4 c5 2. Nf3 Nc6 3. Bb5 e6 4. O-O Nge7 5. b3 a6 6. Bxc6 Nxc6 7. Bb2 d6 8. d4
cxd4 9. Nxd4 Nxd4 10. Qxd4 e5 11. Qd3 Be6 12. c4 Qc7 13. Nc3 g6 14. Rad1 Rd8
15. Qe3 Bg7 16. Ba3 h5 17. Nd5 Bxd5 18. Rxd5 h4 19. h3 Rh5 20. Rfd1 Bh6 21. Qd3
Bf4 22. Rxd6 Rxd6 23. Qxd6 Qxd6 24. Rxd6 Rh7 25. f3 Bg5 26. Rd5 f6 27. Kf1 Rd7
28. Ke2 Rc7 29. Rc5 Rd7 30. Rd5 Rc7 31. Bb4 b5 32. Rc5 Rxc5 33. Bxc5 bxc4 34.
bxc4 Kd7 35. Bf2 Kc6 36. Kd3 f5 37. Kc2 f4 38. Kb3 Bd8 39. Kb4 g5 40. Ka4 Bb6
41. Bxb6 Kxb6 42. Kb4 a5+ 43. Ka4 Kc5 44. Kxa5 Kxc4 45. Kb6 Kd3 46. a4 Ke2 47.
a5 Kf2 48. a6 Kxg2 49. a7 Kxh3 50. a8=Q Kg3 51. Qg8 Kxf3 52. Qxg5 h3 53. Qxe5
h2 54. Qh5+ Kg2 55. Qe2+ Kg1 56. Qg4+ Kh1 57. Qxf4 Kg2 58. Qxh2+ Kxh2 1-0

[Event "Korosztályos Bajnokság u12f"]
[Site "Balatonlelle"]
[Date "2015.06.21"]
[Round "4.7"]
[White "Bakos, Balazs"]
[Black "Csajbok, Levente Tamas"]
[Result "1/2-1/2"]
[WhiteElo "1769"]
[BlackElo "1586"]
[PlyCount "107"]
[EventDate "2015.06.18"]
[EventType "swiss"]
[EventRounds "9"]
[EventCountry "HUN"]

1. e4 e5 2. Nf3 Nc6 3. d4 exd4 4. Nxd4 Bc5 5. Be3 Qf6 6. c3 Qg6 7. Nb5 Bxe3 8.
Nxc7+ Kd8 9. Nxa8 Bc5 10. Nd2 b6 11. Qc2 Bb7 12. Nxb6 Bxb6 13. Nc4 Bc7 14.
O-O-O Nf6 15. f3 Kc8 16. Kb1 Rd8 17. Nd6+ Bxd6 18. Rxd6 Kc7 19. Rd2 d5 20. exd5
Qxc2+ 21. Rxc2 Rxd5 22. Bc4 Rd7 23. Re1 g5 24. Rce2 h6 25. Bb5 Nd5 26. g3 Nde7
27. b4 a6 28. Ba4 Kb6 29. a3 Ng6 30. Kc2 Rc7 31. Kb2 Nce7 32. Rf2 Nd5 33. Rc1
Ne5 34. Bc2 Rxc3 35. Bf5 Nc4+ 36. Kb1 Nxa3+ 37. Kb2 Nc4+ 38. Kb1 Rb3+ 39. Ka2
Rxb4 40. Be4 Kb5 41. Bd3 Ra4+ 42. Kb1 Rb4+ 43. Ka2 Ndb6 44. f4 Bd5 45. fxg5
hxg5 46. h4 gxh4 47. gxh4 Ka5 48. Bxc4 Rxc4 49. Rxc4 Bxc4+ 50. Ka3 Nd7 51. h5
Nf8 52. h6 Nh7 53. Rg2 Bd3 54. Rb2 1/2-1/2

[Event "Korosztályos Bajnokság u12f"]
[Site "Balatonlelle"]
[Date "2015.06.21"]
[Round "4.8"]
[White "Ronai, Akos Balazs"]
[Black "Erseki, Aron"]
[Result "0-1"]
[WhiteElo "1607"]
[BlackElo "1686"]
[PlyCount "112"]
[EventDate "2015.06.18"]
[EventType "swiss"]
[EventRounds "9"]
[EventCountry "HUN"]

1. e4 c5 2. Nf3 d6 3. c4 Nf6 4. Nc3 Nc6 5. d4 cxd4 6. Nxd4 g6 7. Be2 Bg7 8. Be3
O-O 9. O-O Bd7 10. f4 Qa5 11. a3 Qc7 12. Rc1 Qb6 13. Nc2 Qd8 14. Qd2 Ng4 15.
Bxg4 Bxg4 16. f5 gxf5 17. exf5 Qd7 18. f6 Bxf6 19. Nd5 Bg7 20. Bh6 f6 21. Bxg7
Kxg7 22. Qf4 Bh5 23. Nce3 Bg6 24. h4 h5 25. Rf3 e5 26. Qg3 Nd4 27. Rf2 f5 28.
Qg5 Rae8 29. Nc2 Nxc2 30. Rcxc2 f4 31. g4 Qxg4+ 32. Rg2 Qxg5 33. Rxg5 f3 34.
Kf2 Kh6 35. Rc1 e4 36. Rcg1 Bh7 37. Ne3 Rf4 38. Rd5 Re6 39. Rh1 Rff6 40. Rhd1
Bg6 41. b4 b6 42. a4 Be8 43. Rxd6 Bxa4 44. Rxe6 Rxe6 45. Rd6 Rxd6 46. Nf5+ Kg6
47. Nxd6 Bc6 48. b5 Ba8 49. Ke3 Kf6 50. Ne8+ Kf5 51. Nd6+ Kg4 52. Kf2 Kxh4 53.
Nc8 e3+ 54. Kxe3 Kg3 55. Nd6 f2 56. Nf5+ Kg2 0-1

[Event "Korosztályos Bajnokság u12f"]
[Site "Balatonlelle"]
[Date "2015.06.21"]
[Round "4.9"]
[White "Blahota, Marcell"]
[Black "Losonczi, Marcell"]
[Result "0-1"]
[WhiteElo "1472"]
[BlackElo "1672"]
[PlyCount "82"]
[EventDate "2015.06.18"]
[EventType "swiss"]
[EventRounds "9"]
[EventCountry "HUN"]

1. e4 c5 2. Nf3 Nc6 3. d4 cxd4 4. Nxd4 Nf6 5. Nc3 d6 6. Bg5 Bd7 7. Bc4 Qa5 8.
Bxf6 gxf6 9. Qd2 Rc8 10. Bb3 Nxd4 11. Qxd4 Bg7 12. Qd5 Qxd5 13. Nxd5 f5 14.
exf5 Bxf5 15. c3 Rg8 16. f3 Bd7 17. Kf2 e6 18. Nb4 a5 19. Nd3 a4 20. Bc2 a3 21.
b3 Bxc3 22. Rac1 Bb2 23. g3 Bxc1 24. Rxc1 e5 25. Nb4 Bf5 26. g4 Bxc2 27. Rxc2
Rxc2+ 28. Nxc2 Kd7 29. Ke2 Rc8 30. Kd2 d5 31. Ne3 Ke6 32. Nf5 b5 33. h4 b4 34.
Ng7+ Kf6 35. Nh5+ Ke7 36. f4 e4 37. Ng3 Rc3 38. Nf5+ Kd7 39. Ne3 d4 40. Nc4
Rxc4 41. bxc4 b3 0-1

[Event "Korosztályos Bajnokság u12f"]
[Site "Balatonlelle"]
[Date "2015.06.21"]
[Round "4.10"]
[White "Forgacs, Andras"]
[Black "Sagi, Kornel"]
[Result "1-0"]
[WhiteElo "1699"]
[BlackElo "1545"]
[PlyCount "157"]
[EventDate "2015.06.18"]
[EventType "swiss"]
[EventRounds "9"]
[EventCountry "HUN"]

1. d4 d5 2. Nf3 Nf6 3. c4 dxc4 4. Nc3 a6 5. a4 e6 6. e3 b6 7. Bxc4 Bb7 8. O-O
Bd6 9. b3 Nbd7 10. Re1 Bb4 11. Bd2 Bxc3 12. Bxc3 Ne4 13. Bb4 c5 14. dxc5 bxc5
15. Ba3 O-O 16. Nd2 Nxd2 17. Qxd2 Qg5 18. f4 Qg4 19. e4 Rfd8 20. Rad1 Qh4 21.
g3 Qe7 22. Qe3 Rac8 23. Qe2 Rc6 24. Qd3 Kf8 25. Rd2 Ke8 26. Red1 Bc8 27. Bb2 g6
28. Bc3 Kf8 29. e5 Re8 30. Qe4 Rc7 31. Rd6 Ra7 32. Qd3 Nb8 33. Ba5 Rd7 34. b4
Rxd6 35. Qxd6 Qxd6 36. Rxd6 cxb4 37. Bxb4 Kg7 38. Ba5 Bb7 39. Rb6 Bc6 40. Bb3
Rc8 41. Bb4 Nd7 42. Rxa6 Rb8 43. Rxc6 Rxb4 44. Rc7 Rxb3 45. Rxd7 Rb1+ 46. Kg2
Rb2+ 47. Kh3 Rb8 48. Rd1 Ra8 49. Ra1 Ra5 50. Kg4 h6 51. Kf3 Kf8 52. Ke4 Ke7 53.
Kd4 Kd7 54. Kc4 Kc7 55. Kb4 Rd5 56. a5 Kb7 57. a6+ Ka7 58. Ra2 h5 59. Ra3 Rd7
60. h4 Rc7 61. Kb5 Rd7 62. Kc6 Rd5 63. Rb3 f5 64. exf6 Rf5 65. Rb7+ Kxa6 66. f7
Rf6 67. Kd6 Kxb7 68. Ke7 Rf5 69. f8=Q Rxf8 70. Kxf8 Kc6 71. Kf7 Kd5 72. Kxg6
Ke4 73. Kxh5 Kf5 74. g4+ Kxf4 75. g5 e5 76. g6 e4 77. g7 e3 78. g8=Q e2 79. Qe6
1-0

[Event "Korosztályos Bajnokság u12f"]
[Site "Balatonlelle"]
[Date "2015.06.21"]
[Round "4.11"]
[White "Pal, Istvan"]
[Black "Fodor, Kornel"]
[Result "1-0"]
[WhiteElo "1591"]
[BlackElo "1423"]
[PlyCount "75"]
[EventDate "2015.06.18"]
[EventType "swiss"]
[EventRounds "9"]
[EventCountry "HUN"]

1. e4 c5 2. Nf3 Nc6 3. c4 d6 4. d4 Bg4 5. d5 Nd4 6. Be2 Bxf3 7. Bxf3 g6 8. Bg4
Bg7 9. Qa4+ b5 10. cxb5 Qb6 11. Nc3 Rb8 12. Rb1 Nxb5 13. Nxb5 Qxb5 14. Qxb5+
Rxb5 15. Be2 Rb6 16. b3 Nf6 17. f3 O-O 18. O-O Rfb8 19. Bd2 Nd7 20. Ba5 Rb4 21.
Bxb4 Rxb4 22. a3 Rb7 23. b4 Bd4+ 24. Kh1 Rc7 25. Rfc1 Nb6 26. bxc5 dxc5 27. Bc4
Kf8 28. Rc2 Ke8 29. Bb5+ Kd8 30. a4 Kc8 31. a5 Nd7 32. Ba6+ Kd8 33. f4 c4 34.
Rxc4 Nc5 35. Rb8+ Kd7 36. Bb5+ Kd6 37. Rd8+ Nd7 38. Rxc7 1-0

[Event "Korosztályos Bajnokság u12f"]
[Site "Balatonlelle"]
[Date "2015.06.21"]
[Round "4.13"]
[White "Follardt, Lorinc"]
[Black "Ongut, Tamas Gunes"]
[Result "0-1"]
[WhiteElo "1498"]
[BlackElo "1703"]
[PlyCount "40"]
[EventDate "2015.06.18"]
[EventType "swiss"]
[EventRounds "9"]
[EventCountry "HUN"]

1. d4 Nf6 2. e3 d5 3. Bd3 Bg4 4. f3 Bh5 5. Ne2 Bg6 6. Ng3 e6 7. c4 dxc4 8. Bxc4
c5 9. Ne2 cxd4 10. Qxd4 Bb4+ 11. Bd2 Bxd2+ 12. Nxd2 O-O 13. O-O Nc6 14. Qxd8
Rfxd8 15. Nb3 Ne5 16. Bb5 a6 17. f4 Neg4 18. h3 Nxe3 19. Rf3 Nc2 20. Bc4 Nxa1
0-1

[Event "Korosztályos Bajnokság u12f"]
[Site "Balatonlelle"]
[Date "2015.06.21"]
[Round "4.16"]
[White "Kiraly, Barnabas"]
[Black "Baski, Barnabas"]
[Result "0-1"]
[WhiteElo "1442"]
[BlackElo "1419"]
[PlyCount "82"]
[EventDate "2015.06.18"]
[EventType "swiss"]
[EventRounds "9"]
[EventCountry "HUN"]

1. e4 e6 2. d4 d5 3. exd5 exd5 4. Bd3 Nf6 5. Bg5 Be6 6. Ne2 Nbd7 7. c3 c6 8.
Qc2 Bd6 9. Nd2 Qc7 10. h3 h6 11. Be3 c5 12. Bb5 b6 13. f4 a6 14. Bxd7+ Bxd7 15.
dxc5 Bxc5 16. Bxc5 Qxc5 17. Nd4 O-O 18. O-O-O b5 19. N2f3 Rfe8 20. Ne5 Be6 21.
g4 Ne4 22. Rhg1 f6 23. Ng6 Bf7 24. f5 Bxg6 25. fxg6 b4 26. cxb4 Qxb4 27. Kb1
Rac8 28. Qg2 Nc3+ 29. Ka1 Nxd1 30. Rxd1 Qc5 31. Nb3 Qc4 32. Qd2 Rcd8 33. Rc1
Qe2 34. Qc3 Qe3 35. Qc6 Qe6 36. Qxe6+ Rxe6 37. Rd1 Rde8 38. Nc5 Re1 39. Rb1
Rxb1+ 40. Kxb1 a5 41. Kc2 Rc8 0-1

[Event "Korosztályos Bajnokság u12f"]
[Site "Balatonlelle"]
[Date "2015.06.21"]
[Round "4.19"]
[White "Bako, Martin"]
[Black "Bernath, Bence"]
[Result "0-1"]
[WhiteElo "1421"]
[BlackElo "1196"]
[PlyCount "112"]
[EventDate "2015.06.18"]
[EventType "swiss"]
[EventRounds "9"]
[EventCountry "HUN"]

1. e4 e5 2. Nc3 Nf6 3. Bc4 Nxe4 4. Nxe4 d5 5. Bb5+ c6 6. Bxc6+ Nxc6 7. Ng3 Bc5
8. N1e2 O-O 9. O-O Re8 10. d3 Be6 11. Be3 Bxe3 12. fxe3 Qb6 13. Qd2 Rac8 14. c3
Rcd8 15. Kh1 d4 16. e4 Qc5 17. c4 Qb4 18. Qc2 g6 19. a3 Qe7 20. Rf3 Rf8 21. Qd2
Kg7 22. b4 b6 23. Raf1 f6 24. h4 Rf7 25. h5 Bg4 26. h6+ Kf8 27. R3f2 Ke8 28.
Nc1 f5 29. exf5 Qh4+ 30. Kg1 Qxg3 31. fxg6 Rxf2 32. Qxf2 Qe3 33. g7 Qxf2+ 34.
Rxf2 Ke7 35. Kh2 Be6 36. Kg3 Rg8 37. Kh4 Nd8 38. Ne2 Nf7 39. Kh5 Nd6 40. Ng3
Bf7+ 41. Kg5 e4 42. Re2 e3 43. Nf5+ Nxf5 44. Kxf5 Bg6+ 45. Ke5 Bxd3 46. Re1 Rd8
47. g4 Kf7 48. Kf4 Bxc4 49. g5 e2 50. Rc1 b5 51. Kf5 d3 52. a4 d2 53. g8=Q+
Rxg8 54. Rxc4 bxc4 55. g6+ hxg6+ 56. Kg5 e1=Q 0-1

[Event "Korosztályos Bajnokság u12f"]
[Site "Balatonlelle"]
[Date "2015.06.21"]
[Round "5.1"]
[White "Krstulovic, Alex"]
[Black "Kovacsy, Barnabas"]
[Result "1/2-1/2"]
[WhiteElo "2210"]
[BlackElo "1898"]
[PlyCount "76"]
[EventDate "2015.06.18"]
[EventType "swiss"]
[EventRounds "9"]
[EventCountry "HUN"]
[WhiteClock "0:26:23"]
[BlackClock "0:22:24"]

1. d4 Nf6 2. Bg5 Ne4 3. Bf4 d5 4. e3 c5 5. Bd3 Nf6 6. c3 Nc6 7. Nd2 Bg4 8. Ngf3
e6 9. O-O Be7 10. Qb1 Bxf3 11. Nxf3 h6 12. a4 Bd6 13. Bb5 Ne4 14. Rd1 c4 15.
Bxc4 Bxf4 16. exf4 Nxf2 17. Kxf2 dxc4 18. Re1 O-O 19. g3 Qd5 20. Re3 a6 21. Ne5
b5 22. Qe1 Rab8 23. axb5 axb5 24. h4 Ra8 25. g4 Rxa1 26. Qxa1 Nxe5 27. Rxe5 Qc6
28. Qg1 Ra8 29. Qg2 Qxg2+ 30. Kxg2 b4 31. Rc5 Ra2 32. Rc8+ Kh7 33. Rxc4 Rxb2+
34. Kf3 b3 35. Rb4 Rb1 36. c4 b2 37. Kg2 Rc1 38. Rxb2 Rxc4 1/2-1/2

[Event "Korosztályos Bajnokság u12f"]
[Site "Balatonlelle"]
[Date "2015.06.21"]
[Round "5.2"]
[White "Karacsonyi, Gellert"]
[Black "Leszko, Bence"]
[Result "1-0"]
[WhiteElo "2033"]
[BlackElo "1888"]
[PlyCount "51"]
[EventDate "2015.06.18"]
[EventType "swiss"]
[EventRounds "9"]
[EventCountry "HUN"]
[WhiteClock "0:05:45"]
[BlackClock "0:54:40"]

1. e4 b6 2. d4 Bb7 3. Bd3 e6 4. c4 Nf6 5. Nc3 Bb4 6. Qe2 d6 7. a3 Bxc3+ 8. bxc3
Nbd7 9. f4 e5 10. Nf3 Qe7 11. O-O O-O 12. Nh4 g6 13. fxe5 dxe5 14. d5 Nxd5 15.
Nf5 Qc5+ 16. Kh1 Nxc3 17. Qg4 Rad8 18. Be3 Nf6 19. Qg5 Ncxe4 20. Bxe4 Nxe4 21.
Qh6 Ng3+ 22. hxg3 Bxg2+ 23. Kh2 gxf5 24. Qg5+ Kh8 25. Qf6+ Kg8 26. Bh6 1-0

[Event "Korosztályos Bajnokság u12f"]
[Site "Balatonlelle"]
[Date "2015.06.21"]
[Round "5.3"]
[White "Erseki, Aron"]
[Black "Persanyi, Barnabas"]
[Result "0-1"]
[WhiteElo "1686"]
[BlackElo "2032"]
[PlyCount "108"]
[EventDate "2015.06.18"]
[EventType "swiss"]
[EventRounds "9"]
[EventCountry "HUN"]
[WhiteClock "1:49:38"]
[BlackClock "1:05:45"]

1. e4 c5 2. Nf3 Nc6 3. d4 cxd4 4. Nxd4 g6 5. Be3 Bg7 6. Nc3 Nf6 7. f3 O-O 8.
Qd2 d5 9. exd5 Nxd5 10. Nxd5 Nxd4 11. Bxd4 Qxd5 12. Bxg7 Qxd2+ 13. Kxd2 Kxg7
14. Bc4 Bf5 15. Rad1 Rac8 16. Bb3 a5 17. Rhe1 Rfd8+ 18. Kc1 Rxd1+ 19. Kxd1 Kf6
20. c3 g5 21. Bc2 Rd8+ 22. Kc1 e5 23. Bxf5 Kxf5 24. Re4 h5 25. h3 f6 26. b4
axb4 27. Rxb4 Rd7 28. a4 h4 29. Kc2 Kg6 30. Kc1 f5 31. Kc2 Kh5 32. Rb5 Re7 33.
Kd3 g4 34. Ke3 gxh3 35. gxh3 Kg5 36. a5 Rc7 37. Rb3 Rc5 38. Rxb7 Rxa5 39. Rg7+
Kf6 40. Rh7 Ra3 41. Kd3 Kg5 42. Rg7+ Kf4 43. Rf7 Ra1 44. Rh7 Kg3 45. Rh5 f4 46.
Rxe5 Kxf3 47. Kd2 Kg3 48. Ke2 f3+ 49. Kd2 f2 50. Re3+ Kg2 51. Re2 Kg1 52. Rxf2
Kxf2 53. c4 Kg3 54. Kd3 Rc1 0-1

[Event "Korosztályos Bajnokság u12f"]
[Site "Balatonlelle"]
[Date "2015.06.21"]
[Round "5.4"]
[White "Losonczi, Marcell"]
[Black "Hegedus, Dominik"]
[Result "1-0"]
[WhiteElo "1672"]
[BlackElo "1847"]
[PlyCount "61"]
[EventDate "2015.06.18"]
[EventType "swiss"]
[EventRounds "9"]
[EventCountry "HUN"]

1. e4 c5 2. Nf3 Nc6 3. c4 e6 4. Nc3 Nge7 5. d4 cxd4 6. Nxd4 Nxd4 7. Qxd4 Nc6 8.
Qd1 Bc5 9. Be2 b6 10. O-O O-O 11. Kh1 Bb7 12. f4 Rc8 13. a3 Re8 14. b4 Bf8 15.
Bb2 Ne7 16. Bf3 Rxc4 17. Be2 Rc8 18. Bh5 d5 19. f5 exf5 20. exf5 Rc4 21. Qe1 d4
22. Bxf7+ Kh8 23. Bxc4 Nxf5 24. Rxf5 Rxe1+ 25. Rxe1 dxc3 26. Bxc3 Bc6 27. Ref1
Be7 28. Rf7 Bf6 29. R7xf6 Bxg2+ 30. Kxg2 Qa8+ 31. Kg1 1-0

[Event "Korosztályos Bajnokság u12f"]
[Site "Balatonlelle"]
[Date "2015.06.21"]
[Round "5.5"]
[White "Kelemen, Szabolcs"]
[Black "Toth, Abel Levente"]
[Result "1-0"]
[WhiteElo "1781"]
[BlackElo "1782"]
[PlyCount "93"]
[EventDate "2015.06.18"]
[EventType "swiss"]
[EventRounds "9"]
[EventCountry "HUN"]

1. b4 e5 2. Bb2 Bxb4 3. Bxe5 Nf6 4. a3 Ba5 5. Bc3 Bxc3 6. Nxc3 d5 7. d4 O-O 8.
e3 b6 9. Bd3 Bb7 10. Nge2 Nbd7 11. O-O Re8 12. Ng3 c5 13. Qf3 Nf8 14. Nce2 Ne6
15. c3 cxd4 16. cxd4 Rc8 17. Rac1 Qd7 18. Nf4 Rxc1 19. Rxc1 Rc8 20. Rxc8+ Qxc8
21. Nge2 Qf8 22. Nxe6 fxe6 23. Qh3 Bc8 24. Qg3 Qxa3 25. Qc7 Qxd3 26. Qxc8+ Kf7
27. Qc7+ Ke8 28. Qb8+ Ke7 29. Qxa7+ Nd7 30. Ng3 Qb1+ 31. Nf1 Qb4 32. g3 Qa5 33.
Qc7 Qa3 34. Nd2 Qd6 35. Qc2 g6 36. Qb3 Qc6 37. Kg2 Nf6 38. Qa3+ Kf7 39. Qa7+
Nd7 40. Qa3 Kf6 41. g4 e5 42. Nf3 Qe6 43. dxe5+ Nxe5 44. Qf8+ Qf7 45. Qd6+ Qe6
46. g5+ Kf7 47. Nxe5+ 1-0

[Event "Korosztályos Bajnokság u12f"]
[Site "Balatonlelle"]
[Date "2015.06.21"]
[Round "5.6"]
[White "Pal, Istvan"]
[Black "Bakos, Balazs"]
[Result "0-1"]
[WhiteElo "1591"]
[BlackElo "1769"]
[PlyCount "62"]
[EventDate "2015.06.18"]
[EventType "swiss"]
[EventRounds "9"]
[EventCountry "HUN"]

1. e4 c5 2. Nf3 e6 3. c4 Nc6 4. Nc3 Nf6 5. Be2 a6 6. O-O d6 7. d4 cxd4 8. Nxd4
Be7 9. Be3 O-O 10. f4 Bd7 11. Bf3 Nxd4 12. Bxd4 Bc6 13. g4 Nd7 14. g5 e5 15.
Be3 exf4 16. Bxf4 Bxg5 17. Bxd6 Re8 18. Nd5 Bxd5 19. cxd5 Qb6+ 20. Kh1 Qxd6 21.
Bh5 g6 22. Rg1 Qf4 23. Rg4 Qf6 24. Qg1 Qf3+ 25. Qg2 Qxg2+ 26. Rxg2 Bf6 27. Bf3
Ne5 28. Rf2 Bh4 29. Rff1 Nxf3 30. Rxf3 Rxe4 31. Raf1 f5 0-1

[Event "Korosztályos Bajnokság u12f"]
[Site "Balatonlelle"]
[Date "2015.06.21"]
[Round "5.7"]
[White "Csajbok, Levente Tamas"]
[Black "Forgacs, Andras"]
[Result "1/2-1/2"]
[WhiteElo "1586"]
[BlackElo "1699"]
[PlyCount "72"]
[EventDate "2015.06.18"]
[EventType "swiss"]
[EventRounds "9"]
[EventCountry "HUN"]

1. e4 c6 2. d4 d5 3. Nc3 dxe4 4. Nxe4 Bf5 5. Ng3 Bg6 6. h4 h6 7. Nf3 Nd7 8. h5
Bh7 9. Bd3 Bxd3 10. Qxd3 e6 11. Bd2 Bd6 12. Ne4 Bc7 13. O-O-O Ngf6 14. g4 Nxg4
15. Qe2 Ngf6 16. Rdg1 Rh7 17. Bc3 Nxe4 18. Qxe4 Nf6 19. Qe2 Qd5 20. Kb1 O-O-O
21. Nd2 Bf4 22. Nb3 Ne4 23. Be1 Bg5 24. f3 Nd6 25. Bf2 Nf5 26. Rd1 Bf6 27. c3
Rhh8 28. Nc5 Rhe8 29. Qd3 Nd6 30. Bg3 Qf5 31. Ne4 Nxe4 32. fxe4 Qa5 33. Qf3 Re7
34. Qf4 e5 35. Qg4+ Kc7 36. Qf5 Rde8 1/2-1/2